Petit Bac #98 - Équipe de France de football 2018 - Statistiques

Statistiques générales
  • Ce quiz a été pris 35 477 fois
  • Le résultat moyen est 12 sur 15
Statistiques - réponses
1ère Lettre Nom du Joueur % Correct
M Mbappé / Matuidi / Mandanda / Mendy
97%
G Griezmann / Giroud
94%
P Pavard / Pogba
93%
L Lloris / Lemar
92%
K Kimpembe / Kanté
89%
A Areola
82%
H Hernandez
82%
V Varane
82%
U Umtiti
80%
R Rami
75%
T Tolisso / Thauvin
75%
D Dembélé
73%
N Nzonzi
68%
F Fekir
58%
S Sidibé
52%
Aucun quiz correspondant
Distribution des résultats
% des personnes avec chaque résultat
Percentile par nombre de réponses
Votre historique - résultats
Vous n’avez pas pris ce quiz